Central Library OPAC University of Rajshahi

ইসলামী দন্ডবিধি / (Record no. 38573)

MARC details
000 -LEADER
fixed length control field 01044nam a2200253 a 4500
001 - CONTROL NUMBER
control field 38573
003 - CONTROL NUMBER IDENTIFIER
rucl marc code BD-RjUL
005 - DATE AND TIME OF LATEST TRANSACTION
control field 20211209052825.0
008 - FIXED-LENGTH DATA ELEMENTS--GENERAL INFORMATION
fixed length control field 160116s2012 bg ||||| |||| 00| 0bben d
020 ## - INTERNATIONAL STANDARD BOOK NUMBER
International Standard Book Number 9789849020837
Terms of availability : Tk. 300.00
035 ## - SYSTEM CONTROL NUMBER
System control number (BD-RjUL)38681
040 ## - CATALOGING SOURCE
Original cataloging agency BD-RjUL
Language of cataloging ben
Transcribing agency BD-RjUL
041 ## - LANGUAGE CODE
Language code of text/sound track or separate title ben
082 ## - DEWEY DECIMAL CLASSIFICATION NUMBER
Edition number 23
Classification number 340.59
Author mark and year AMI 2012
100 ## - MAIN ENTRY--PERSONAL NAME
Personal name আমের, আবদুল আযীয
9 (RLIN) 119057
245 10 - TITLE STATEMENT
Title ইসলামী দন্ডবিধি /
Remainder of title
Statement of responsibility, etc. আবদুল আযীয আমের, অনুবাদ : শহীদুল হক
260 ## - PUBLICATION, DISTRIBUTION, ETC. (IMPRINT)
Place of publication, distribution, etc. ঢাকা :
Name of publisher, distributor, etc. বাংলাদেশ ইসলামিক ল' রিসার্চ এন্ড লিগ্যাল এইড সেন্টার,
Date of publication, distribution, etc. ২০১২
300 ## - PHYSICAL DESCRIPTION
Pagination খণ্ড ;
Size ২১ সেমি
505 ## - FORMATTED CONTENTS NOTE
Formatted contents note খণ্ড ১ --
650 ## - SUBJECT ADDED ENTRY--TOPICAL TERM
Topical term or geographic name as entry element ইসলামী আইন
9 (RLIN) 119058
Topical term or geographic name as entry element Islamic law
9 (RLIN) 117834
700 ## - ADDED ENTRY--PERSONAL NAME
Personal name হক, শহীদুল, অনুবাদক
942 ## - ADDED ENTRY ELEMENTS (KOHA)
Source of classification or shelving scheme Dewey Decimal Classification
Koha item type Books
Holdings
Lost status Source of classification or shelving scheme Damaged status Not for loan Collection code Permanent Location Current Location Shelving location Date acquired Source of acquisition Cost, normal purchase price Total Checkouts Full call number Date last seen Copy number Koha item type
  Dewey Decimal Classification   Not For Loan Non-fiction Central Library, University of Rajshahi Central Library, University of Rajshahi Reading Room 30/07/2015 RUCL 300.00   B 340.59 AMI 2012 20/04/2016 C-1 Books